Sirat e Mustaqim (Record no. 62678)
[ view plain ]
| 000 -LEADER | |
|---|---|
| fixed length control field | 00424nam a22001697a 4500 |
| 003 - CONTROL NUMBER IDENTIFIER | |
| control field | NUST - PNEC |
| 005 - DATE AND TIME OF LATEST TRANSACTION | |
| control field | 20170116180754.0 |
| 008 - FIXED-LENGTH DATA ELEMENTS--GENERAL INFORMATION | |
| fixed length control field | 150331b xxu||||| |||| 00| 0 eng d |
| 040 ## - CATALOGING SOURCE | |
| Transcribing agency | LIBRARY |
| 082 ## - DEWEY DECIMAL CLASSIFICATION NUMBER | |
| Classification number | 297.5 NAT |
| 100 ## - MAIN ENTRY--PERSONAL NAME | |
| 9 (RLIN) | 1957 |
| Personal name | Natiq, Abdul Qayyum |
| 245 ## - TITLE STATEMENT | |
| Title | Sirat e Mustaqim |
| 260 ## - PUBLICATION, DISTRIBUTION, ETC. | |
| Place of publication, distribution, etc. | Karachi: |
| Name of publisher, distributor, etc. | Taher Sons, |
| Date of publication, distribution, etc. | c1990. |
| 300 ## - PHYSICAL DESCRIPTION | |
| Extent | 326 p. : |
| Dimensions | 22 cm. |
| 650 ## - SUBJECT ADDED ENTRY--TOPICAL TERM | |
| 9 (RLIN) | 1958 |
| Topical term or geographic name entry element | Islam |
| General subdivision | General |
| 942 ## - ADDED ENTRY ELEMENTS (KOHA) | |
| Source of classification or shelving scheme | |
| Koha item type | Book |
| Withdrawn status | Lost status | Source of classification or shelving scheme | Damaged status | Not for loan | Permanent Location | Current Location | Shelving location | Date acquired | Source of acquisition | Cost, normal purchase price | Total Checkouts | Full call number | Barcode | Date last seen | Cost, replacement price | Price effective from | Koha item type |
|---|---|---|---|---|---|---|---|---|---|---|---|---|---|---|---|---|---|
| Pakistan Navy Engineering College (PNEC) | Pakistan Navy Engineering College (PNEC) | 04/19/1990 | Royal book co./ Library/Refrence Grant | 40.00 | 297.5 NAT | PNECLIB-014415 | 03/31/2015 | 40.00 | 04/19/1990 | Book | |||||||
| Pakistan Navy Engineering College (PNEC) | Pakistan Navy Engineering College (PNEC) | 04/19/1990 | Royal book co./ Library Refrence Grant | 40.00 | 297.5 NAT | PNECLIB-014423 | 04/01/2015 | 40.00 | 04/19/1990 | Book | |||||||
| Pakistan Navy Engineering College (PNEC) | Pakistan Navy Engineering College (PNEC) | 04/19/1990 | Royal book co./ Library Refrence Grant | 40.00 | 297.5 NAT | PNECLIB-014419 | 04/09/2015 | 40.00 | 04/19/1990 | Book | |||||||
| Pakistan Navy Engineering College (PNEC) | Pakistan Navy Engineering College (PNEC) | 04/19/1990 | Royal book co./ Library Refrence Grant | 40.00 | 297.5 NAT | PNECLIB-014420 | 04/17/2015 | 40.00 | 04/19/1990 | Book |
